00406nam a2200145 a 45000010005000000030005000050050017000100080041000270200015000680400020000831000028001032450052001312600060001833000017002433632CDMR20131002114525.0130130s1987||||||||||||||||||||||||||||d a8450570557 aCDMRbcatcCDMR1 aBarroso García, Jaime10aTratamiento de la información en televisión aMadridc1987bInstituto Oficial de Radio y Televisión a81 p.c30 cm